000 00460nam a2200193Ia 4500
008 210210b1940 xxu||||| |||| 00| 0 eng d
041 _aeng
082 _a884/5
100 _aIYER (Krishnasvamy) Ed
245 _aSrimad valmiki RamAyana: IV Kishkinda
260 _aPalghat
_b-
_c1940
650 _avalmiki
650 _aSrimad
650 _aRamAyana:
650 _aKishkinda
650 _aIV
690 _aSanskrit Purana & Smrithi
906 _a024413
999 _c149904
_d149904